| 000 | 01226cam a22002891i 4500 | ||
|---|---|---|---|
| 003 | SA-RiAUC | ||
| 005 | 20250415052524.0 | ||
| 008 | 250413s1989 ua f 00010 ara c | ||
| 040 |
_aADPOL _bara _cSA-RiAUC. _erda |
||
| 082 | 0 | 4 |
_a257.5 _qSA-RiAUC |
| 090 |
_a257.5 _bق ا ض |
||
| 100 | 1 |
_aالقاضي، عبد الله محمد محمد _eمؤلف. |
|
| 245 | 1 | 2 |
_aالسياسة الشرعية مصدر للتقنين بين النظرية والتطبيق / _cعبد الله محمد محمد القاضي. |
| 250 | _aالطبعة الأولى. | ||
| 264 | 1 |
_a[مكان النشر غير محدد] : _b[الناشر غير محدد]، _c1989 |
|
| 264 | 3 |
_aطنطا، مصر : _bمطبعة دار الكتب الجامعية الحديثة |
|
| 300 |
_a994 صفحة ؛ _c24 سم |
||
| 336 |
_aنص _btxt _2rdacontent _3كتاب |
||
| 337 |
_aبدون وسيط _bn _2rdamedia |
||
| 338 |
_aمجلد _bnc _2rdacarrier |
||
| 500 | _aالأصل أطروحة دكتوراه. | ||
| 650 | 7 |
_aالقضاء في الإسلام _2aucsh |
|
| 650 | 7 |
_aالشريعة الإسلامية _2aucsh |
|
| 650 | 7 |
_aنظم الحكم في الإسلام _2aucsh |
|
| 942 |
_2ddc _cBOOK _n0 |
||
| 949 |
_aSA-JeALM _d250413 _umohamedma123 _n1 |
||
| 999 |
_c7022 _d7022 |
||